Biblioteca Miguel Lerdo de Tejada : bosquejo histórico : 1928-1968 /

Historia de la Biblioteca Miguel Lerdo de Tejada, inaugurada en 1928 por la Secretaría de Hacienda y Crédito Público en respuesta a las reformas educativas en México posrevolucionario. Su acervo se centra en el estudio de las ciencias económicas. Se describen, también, la administración y las activi...

Полное описание

Сохранить в:
Библиографические подробности
Соавтор: México. Secretaría de Hacienda y Crédito Público. Biblioteca Miguel Lerdo de Tejada
Другие авторы: Cordera Pastor, Mario (presentación) (presentación)
Формат:
Язык:испанский
Опубликовано: México : Secretaría de Hacienda y Crédito Público, Dirección General de la Memoria, Bibliotecas y Publicaciones, 1969
Предметы:
Метки: Добавить метку
Нет меток, Требуется 1-ая метка записи!

MARC

LEADER 00000nam^a2200000^a^4500
001 000187907
005 20250521000000.0
009 20260310102317.737
037 |a Acervo ITESO - Biblioteca 
041 |a ESP 
082 |a 027. 072  |b MEX 
110 |a México.  |b Secretaría de Hacienda y Crédito Público. Biblioteca Miguel Lerdo de Tejada 
245 1 0 |a Biblioteca Miguel Lerdo de Tejada :  |b bosquejo histórico : 1928-1968 /  |c Presen. de M. Cordera Pastor. 
264 1 |a México :  |b Secretaría de Hacienda y Crédito Público, Dirección General de la Memoria, Bibliotecas y Publicaciones,  |c 1969 
300 |a 1 folleto (38 p.) 
336 |a texto  |b txt  |2 rdacontenido 
337 |a sin mediación  |b n  |2 rdamedio 
338 |a volumen  |b nc  |2 rdasoporte 
520 |a Historia de la Biblioteca Miguel Lerdo de Tejada, inaugurada en 1928 por la Secretaría de Hacienda y Crédito Público en respuesta a las reformas educativas en México posrevolucionario. Su acervo se centra en el estudio de las ciencias económicas. Se describen, también, la administración y las actividades cotidianas de la institución. 
649 |a XX 
650 |a Economía -  |z México -  |x Investigación 
650 |a Secretaría de Hacienda y Crédito Público -  |z México 
650 |a Ministerios de Hacienda y Economía -  |z México 
650 |a Ministerios de Estado -  |z México 
650 |a Bibliotecas Públicas -  |z México -  |x Administración 
650 |a Bibliotecas Públicas -  |z México -  |x Historia -  |y Siglo XX 
650 |a México -  |x Historia -  |y Siglo XX 
650 |a Biblioteconomía 
700 |a Cordera Pastor, Mario  |e (presentación) 
910 |a Fondo General 
920 |a Impresos - Libros 
930 |a Obras de Referencia 
940 |a Biblioteconomía 
905 |a 102 
901 |a 0500130227  |b IT2  |c REF  |u 20250521 
902 |a https://opac.biblio.iteso.mx/vufind/Record/000187907